00598cam a22002291 4500001001300000003000400013005001700017008004100034010001700075035002000092040001800112042001200130050001600142100003500158245004700193260001100240300001900251500001400270504003100284650003600315999001700351sa 68019448 DLC20260227112717.0890907s1966 ii b 000 0 tamo  asa 68019448  a(OCoLC)20312671 aDLCcWaUdDLC apremarc00aPL4759b.R31 aRamachandran, Govindan,d1926-10aPir̲a mol̲ikaḷil Tamil̲ccol āṭci. c[1966] a112 p.c22 cm. aIn Tamil. aBibliographical footnotes. 0aTamil languagexWordsxHistory. c88888d88888